Використання семантичних синонімів у методиці складаня семантичних карт на старшому етапі навчання (Запис № 281876)
[ простий вигляд ]
| 000 -LEADER | |
|---|---|
| fixed length control field | 01651nam a22001577a 4500 |
| 041 ## - LANGUAGE CODE | |
| Language code of text/sound track or separate title | ukr |
| 080 ## - UNIVERSAL DECIMAL CLASSIFICATION NUMBER | |
| Universal Decimal Classification number | 09 |
| 090 ## - LOCALLY ASSIGNED LC-TYPE CALL NUMBER (OCLC); LOCAL CALL NUMBER (OCLC) | |
| Local cutter number (OCLC) ; Book number/undivided call number, CALL (RLIN) | КОВ |
| 100 ## - MAIN ENTRY--PERSONAL NAME | |
| Personal name | Ковальчук Я. В. |
| 245 ## - TITLE STATEMENT | |
| Title | Використання семантичних синонімів у методиці складаня семантичних карт на старшому етапі навчання |
| 260 ## - PUBLICATION, DISTRIBUTION, ETC. (IMPRINT) | |
| Place of publication, distribution, etc | Острог |
| Name of publisher, distributor, etc | КАФ |
| Date of publication, distribution, etc | 2003 |
| 300 ## - PHYSICAL DESCRIPTION | |
| Extent | 52 |
| 520 ## - SUMMARY, ETC. | |
| Summary, etc | Розділ 1. Методика використання семантичних синонімів у складанні семантичних карт.<br/>1.1. Явище синонімії в мові.<br/>1.2. Поняття та характеристика семантичних синонімів. Синонімічні ряди.<br/>1.3. Семантичні поля.<br/>Розділ 2. Методика складання семантичних карт.<br/>2.1. Навчальна техніка складання семантичних карт як ефективний спосіб навчання іноземної мови.<br/>2.2. Алгоритм складання семантичних карт.<br/>Розділ 3. Система вправ на використання семантичних синонімів у складанні семантичних карт.<br/>3.1. Відбір ключової інформації.<br/>3.2. Організація ключової інформації в семантичну карту.<br/>3.3. Повторення опрацьованого матеріалу. |
| -- | методика, семантика, синонім |
| 650 ## - SUBJECT ADDED ENTRY--TOPICAL TERM | |
| Topical term or geographic name as entry element | Research Papers |
| 942 ## - ADDED ENTRY ELEMENTS (KOHA) | |
| Koha item type | Книги |
| Withdrawn status | Lost status | Source of classification or shelving scheme | Damaged status | Not for loan | Home library | Current library | Date acquired | Source of acquisition | Coded location qualifier | Cost, normal purchase price | Total Checkouts | Full call number | Barcode | Date last seen | Price effective from | Koha item type |
|---|---|---|---|---|---|---|---|---|---|---|---|---|---|---|---|---|
| Universal Decimal Classification | ВІЛ - Відділ іноземн. літератури НБ | ВІЛ - Відділ іноземн. літератури НБ | 08/08/2005 | Акт 03\01 | В21 | 1.00 | 09 | 208806 | 20/12/2021 | 01/09/2003 | Книги |